Communes des Bouches-du-Rhône (13) de plus de 10000 habitants - Statistiques

Statistiques générales
  • Ce quiz a été pris 164 fois
  • Le résultat moyen est 15 sur 31
Statistiques - réponses
Habitants Commune % Correct
877215 (préfecture) Marseille
100%
147933 Aix-en-Provence
98%
51156 Arles
88%
47724 Aubagne
88%
48818 Martigues
88%
44044 Istres
87%
33164 Marignane
85%
44553 Salon-de-Provence
74%
37599 La Ciotat
73%
36612 Vitrolles
71%
25891 Miramas
56%
15694 Fos-sur-Mer
53%
21404 Allauch
51%
21534 Gardanne
48%
22423 Les Pennes-Mirabeau
45%
16138 Port-de-Bouc
42%
13941 Berre-l'Etang
34%
15367 Bouc-Bel-Air
34%
15525 Tarascon
31%
12335 Rognac
29%
18364 Châteauneuf-les-Martigues
28%
10933 Trets
28%
10143 Cabriès
27%
12018 Septèmes-les-Vallons
26%
11504 Plan-de-Cuques
24%
12986 Auriol
20%
16668 Châteaurenard
20%
13962 Saint-Martin-de-Crau
20%
10235 Fuveau
20%
10799 Pélissanne
19%
10030 Gignac-la-Nerthe
14%
Aucun quiz correspondant
Distribution des résultats
% des personnes avec chaque résultat
Percentile par nombre de réponses
Votre historique - résultats
Vous n’avez pas pris ce quiz